000 00345nam a2200133Ia 4500
008 220216s9999 xx 000 0 und d
100 _aChandrashekar T.R.
245 0 _aTrial rubber plantation in Maharashtra
260 _bRubber Board Bulletin
_c1983
300 _a16-17
650 _aMaharashtra
650 _aRubber plantation
942 _cBS
999 _c49009
_d49009